|
|
|
|
| LEADER |
00000cam a2200000 7i4500 |
| 001 |
0000003597 |
| 005 |
20070810.0 |
| 020 |
0 |
0 |
|a 9676906751
|
| 090 |
0 |
0 |
|a 158.1
|b LUM
|
| 100 |
1 |
0 |
|a Lumpkin, Aaron
|
| 245 |
1 |
0 |
|a You get one shot at life aim for success :
|b secrets of living a meaningful life
|c Aaron Lumpkin
|
| 260 |
0 |
0 |
|a Batu Caves, Selangor :
|b Thinker's Library, ,
|c 2006
|
| 300 |
|
|
|a ix, 191p. ;
|c 21cm.
|
| 500 |
0 |
0 |
|a Includes index
|
| 504 |
0 |
0 |
|a Bibliography: p. 185
|
| 650 |
0 |
0 |
|a Self-confidence
|
| 650 |
0 |
0 |
|a Success
|
| 650 |
0 |
0 |
|a Success \x Psychological aspects
|
| 999 |
|
|
|a 0000007152
|b Monograph
|c Open Shelf
|e Default branch
|